Statystyki dla Państwa na literę G

Kliknij tutaj aby rozwiązać quiz!

Ogólne statystyki

  • Ten quiz został rozwiązany 53 966 razy
  • Średni wynik to 6 z 11

Statystyki odpowiedzi

Kraj% Poprawnych
Grecja
92%
Gruzja
84%
Gwinea
71%
Gwatemala
58%
Ghana
53%
Gabon
52%
Gambia
52%
Gwinea Równikowa
50%
Gujana
49%
Gwinea Bissau
41%
Grenada
34%

Rozkład punktacji

Percentyl według liczby udzielonych odpowiedzi

Procent ludzi z każdym wynikiem

Twoja historia wyników

Nie rozwiązałeś tego quizu